[Event "Oakham Young Masters"]
[Site "Oakham"]
[Date "1990.03.31"]
[Round "4"]
[White "Arakhamia-Grant, Ketevan"]
[Black "Piper, Matthew S"]
[Result "1-0"]
[WhiteElo "2385"]
[BlackElo "2305"]
[PlyCount "109"]
[EventDate "1990.03.28"]
[EventType "swiss"]
[EventRounds "9"]
[EventCountry "ENG"]
[SourceTitle "BritBase"]
[Source "John Saunders"]
[SourceDate "2023.06.27"]
[SourceVersion "1"]
[SourceVersionDate "2023.06.27"]
[SourceQuality "1"]

1. e4 e5 2. Nf3 Nc6 3. Bb5 a6 4. Ba4 Nf6 5. O-O Be7 6. Re1 b5 7. Bb3 d6 8. c3
O-O 9. h3 Na5 10. Bc2 c5 11. d4 Qc7 12. Nbd2 cxd4 13. cxd4 Bd7 14. Nf1 Rac8 15.
Ne3 Nc6 16. d5 Nb4 17. Bb1 a5 18. a3 Na6 19. b4 g6 20. Bd2 Nh5 21. Bd3 Nf4 22.
Bf1 f5 23. exf5 gxf5 24. g3 Ng6 25. Ng2 Qb7 26. Bh6 Rfe8 27. Qd2 Bf6 28. Rad1
axb4 29. axb4 Nc7 30. Ng5 Na8 31. g4 fxg4 32. Ne4 Be7 33. h4 Bf5 34. h5 Nh8 35.
Nxd6 Bxd6 36. Qg5+ Bg6 37. hxg6 Nxg6 38. Qxg4 Kh8 39. Bd3 Rg8 40. Qf5 Rcf8 41.
Bxf8 Rxf8 42. Qh5 Rg8 43. Bxg6 Rxg6 44. Kf1 Qf7 45. Re4 Nb6 46. Rg4 Qf3 47. Rg5
Qxh5 48. Rxh5 Nc4 49. Ne3 Nxe3+ 50. fxe3 Kg7 51. Ke2 Bxb4 52. Rxe5 Bd6 53. Rh5
b4 54. e4 Kf6 55. e5+ 1-0

[Event "Oakham Young Masters"]
[Site "Oakham"]
[Date "1990.03.31"]
[Round "4"]
[White "Chabanon, Jean Luc"]
[Black "Kumaran, Dharshan"]
[Result "1/2-1/2"]
[WhiteElo "2390"]
[BlackElo "2230"]
[PlyCount "43"]
[EventDate "1990.03.28"]
[EventType "swiss"]
[EventRounds "9"]
[EventCountry "ENG"]
[SourceTitle "BritBase"]
[Source "John Saunders"]
[SourceDate "2023.06.27"]
[SourceVersion "1"]
[SourceVersionDate "2023.06.27"]
[SourceQuality "1"]

1. d4 Nf6 2. Nf3 c5 3. d5 g6 4. c4 b5 5. cxb5 a6 6. e3 Bg7 7. Nc3 O-O 8. Be2
axb5 9. Bxb5 Ba6 10. Bxa6 Nxa6 11. O-O d6 12. e4 Nd7 13. Bg5 Re8 14. Nd2 Ne5
15. Qe2 Nb4 16. Nc4 Nxc4 17. Qxc4 Qb6 18. Qe2 Qa6 19. Qd2 Nd3 20. Rad1 c4 21.
b3 Nc5 22. Be3 1/2-1/2

[Event "Oakham Young Masters"]
[Site "Oakham"]
[Date "1990.03.31"]
[Round "4"]
[White "Cullip, Stephen J"]
[Black "Fishbein, Alexander"]
[Result "0-1"]
[WhiteElo "2285"]
[BlackElo "2470"]
[PlyCount "57"]
[EventDate "1990.03.28"]
[EventType "swiss"]
[EventRounds "9"]
[EventCountry "ENG"]
[SourceTitle "BritBase"]
[Source "John Saunders"]
[SourceDate "2023.06.27"]
[SourceVersion "1"]
[SourceVersionDate "2023.06.27"]
[SourceQuality "1"]

1. e4 c5 2. Nf3 Nc6 3. d4 cxd4 4. Nxd4 Nf6 5. Nc3 d6 6. Bg5 e6 7. Qd2 Be7 8.
O-O-O O-O 9. f4 h6 10. Bxf6 Bxf6 11. Nxc6 bxc6 12. Qxd6 Qb6 13. Qd3 Rb8 14. b3
Rd8 15. Qf3 Rxd1+ 16. Nxd1 Bb7 17. e5 Be7 18. Bc4 Rd8 19. c3 Ba3+ 20. Kc2 c5
21. Qe2 Qc6 22. Ne3 Qe4+ 23. Bd3 c4 24. bxc4 Qxf4 25. Rd1 Rb8 26. Rb1 Qxe5 27.
Rb5 Qd6 28. Qh5 Bc6 29. c5 0-1

[Event "Oakham Young Masters"]
[Site "Oakham"]
[Date "1990.03.31"]
[Round "4"]
[White "Harris, Michael"]
[Black "Schlosser, Michael"]
[Result "0-1"]
[WhiteElo "2255"]
[BlackElo "2340"]
[PlyCount "82"]
[EventDate "1990.03.28"]
[EventType "swiss"]
[EventRounds "9"]
[EventCountry "ENG"]
[SourceTitle "BritBase"]
[Source "John Saunders"]
[SourceDate "2023.06.27"]
[SourceVersion "1"]
[SourceVersionDate "2023.06.27"]
[SourceQuality "1"]

1. g3 g6 2. Bg2 Bg7 3. e4 c5 4. Ne2 Nc6 5. O-O e6 6. f4 Nge7 7. d3 O-O 8. f5
exf5 9. exf5 Nxf5 10. Rxf5 gxf5 11. Nbc3 Ne5 12. Nf4 Ng4 13. Bd5 Qe7 14. h3
Bd4+ 15. Kg2 Ne3+ 16. Bxe3 Qxe3 17. Qh5 Qf2+ 18. Kh1 Qxc2 19. Re1 Qf2 20. Ng2
Qxg3 21. Ne2 Qg6 22. Qf3 Bxb2 23. Nh4 Qf6 24. Qh5 d6 25. Nf4 Bd4 26. Re2 Kh8
27. Bxf7 Rxf7 28. Re8+ Kg7 29. Nd5 Qh6 30. Rg8+ Kxg8 31. Qxh6 Bd7 32. Qxd6 Bc6
33. Kh2 Re8 34. Nf3 Rd7 35. Nf6+ Bxf6 36. Qxf6 Bxf3 37. Qxf5 Bc6 38. Kg3 Rg7+
39. Kh4 c4 40. dxc4 Re4+ 41. Kh5 Be8+ 0-1

[Event "Oakham Young Masters"]
[Site "Oakham"]
[Date "1990.03.31"]
[Round "4"]
[White "Manor, Ilan"]
[Black "Anand, Viswanathan"]
[Result "1/2-1/2"]
[WhiteElo "2450"]
[BlackElo "2555"]
[PlyCount "73"]
[EventDate "1990.03.28"]
[EventType "swiss"]
[EventRounds "9"]
[EventCountry "ENG"]
[SourceTitle "BritBase"]
[Source "John Saunders"]
[SourceDate "2023.06.27"]
[SourceVersion "1"]
[SourceVersionDate "2023.06.27"]
[SourceQuality "1"]

1. d4 d5 2. c4 dxc4 3. e4 Nf6 4. e5 Nd5 5. Bxc4 Nc6 6. Ne2 Nb6 7. Bd3 Bg4 8.
Be3 Qd7 9. Nbc3 Rd8 10. Be4 Bf5 11. Qb1 Bg6 12. h4 Qg4 13. h5 Bxe4 14. Qxe4
Qxe4 15. Nxe4 Nd5 16. N2c3 h6 17. Nxd5 Rxd5 18. Nc3 Rd8 19. O-O-O e6 20. d5
Nxe5 21. Bd4 Ng4 22. dxe6 c5 23. exf7+ Kxf7 24. Be3 Be7 25. Nd5 Bg5 26. Bxg5
hxg5 27. Rhe1 Rd7 28. Re4 Nf6 29. Nxf6 Rxd1+ 30. Kxd1 Kxf6 31. g4 Rd8+ 32. Ke2
Rd4 33. Ke3 Rd1 34. Rc4 b6 35. b4 Re1+ 36. Kd3 Rd1+ 37. Ke3 1/2-1/2

[Event "Oakham Young Masters"]
[Site "Oakham"]
[Date "1990.03.31"]
[Round "4"]
[White "Maric, Mirjana"]
[Black "Hracek, Zbynek"]
[Result "0-1"]
[WhiteElo "2275"]
[BlackElo "2390"]
[PlyCount "138"]
[EventDate "1990.03.28"]
[EventType "swiss"]
[EventRounds "9"]
[EventCountry "ENG"]
[SourceTitle "BritBase"]
[Source "John Saunders"]
[SourceDate "2023.06.27"]
[SourceVersion "1"]
[SourceVersionDate "2023.06.27"]
[SourceQuality "1"]

1. e4 c5 2. c3 d5 3. exd5 Qxd5 4. d4 Nf6 5. Nf3 Nc6 6. Be2 cxd4 7. cxd4 e6 8.
Nc3 Qd6 9. O-O Be7 10. Be3 O-O 11. Qd2 b6 12. Bf4 Qd8 13. Rfd1 Nb4 14. Ne5 Bb7
15. Rac1 Rc8 16. a3 Nbd5 17. Bf3 Ba8 18. Bg3 Nxc3 19. Rxc3 Bxf3 20. Rxc8 Qxc8
21. Nxf3 Nd5 22. Rc1 Qb7 23. Qc2 Rd8 24. h3 Bf6 25. Be5 Be7 26. Qc4 h6 27. Bg3
g6 28. Rc2 h5 29. Rc1 Bf8 30. Bh4 Re8 31. Bg3 Bh6 32. Rc2 Kg7 33. Be5+ Kg8 34.
Bg3 Rd8 35. Bh4 Ra8 36. Bg3 Bf8 37. Be5 Rd8 38. Ng5 Be7 39. Nf3 Rd7 40. Qc8+
Qxc8 41. Rxc8+ Bd8 42. Bg3 f6 43. Kf1 Kf7 44. Ke2 Ne7 45. Ra8 g5 46. Bb8 Nc6
47. g4 hxg4 48. hxg4 b5 49. Bg3 Bb6 50. Rh8 Nxd4+ 51. Nxd4 Rxd4 52. f3 Rc4 53.
Kd2 e5 54. Rh7+ Ke6 55. Rh2 e4 56. Re2 Kd5 57. fxe4+ Rxe4 58. Rxe4 Kxe4 59. Ke2
a5 60. b3 a4 61. bxa4 bxa4 62. Bd6 Bd4 63. Be7 Be5 64. Kd2 Kf4 65. Kd3 Kxg4 66.
Kc4 f5 67. Kb5 f4 68. Bc5 f3 69. Kxa4 Bg3 0-1

[Event "Oakham Young Masters"]
[Site "Oakham"]
[Date "1990.03.31"]
[Round "4"]
[White "Matveeva, Svetlana"]
[Black "Stangl, Markus"]
[Result "1/2-1/2"]
[WhiteElo "2360"]
[BlackElo "2405"]
[PlyCount "94"]
[EventDate "1990.03.28"]
[EventType "swiss"]
[EventRounds "9"]
[EventCountry "ENG"]
[SourceTitle "BritBase"]
[Source "John Saunders"]
[SourceDate "2023.06.27"]
[SourceVersion "1"]
[SourceVersionDate "2023.06.27"]
[SourceQuality "1"]

1. d4 g6 2. Nf3 Bg7 3. Bf4 d6 4. Nbd2 Nd7 5. e3 e5 6. Bg3 Nh6 7. dxe5 dxe5 8.
Nc4 Qe7 9. Qd5 f6 10. O-O-O Nf7 11. h4 c6 12. Qa5 b6 13. Qa3 Qxa3 14. Nxa3 Nc5
15. Nd2 Ke7 16. Be2 b5 17. h5 Be6 18. Bf3 Rac8 19. hxg6 hxg6 20. Rxh8 Bxh8 21.
Be2 Bg7 22. f3 Bh6 23. Bf2 a6 24. b3 Rd8 25. Nab1 Bc8 26. Kb2 Ne6 27. Nc3 Bg7
28. b4 Rh8 29. Nb3 Rh2 30. Bf1 Nd6 31. Bg3 Rh1 32. e4 f5 33. Bd3 Rh8 34. a4 Nf4
35. Bf1 Rh1 36. Ra1 Nc4+ 37. Bxc4 Rxa1 38. Kxa1 bxc4 39. Na5 Nxg2 40. Nxc6+ Kd6
41. Na5 Be6 42. Nb7+ Kc7 43. Nc5 Bc8 44. Nd5+ Kb8 45. Nb6 Ne3 46. Nbd7+ Bxd7
47. Nxd7+ Kc8 1/2-1/2

[Event "Oakham Young Masters"]
[Site "Oakham"]
[Date "1990.03.31"]
[Round "4"]
[White "Siekanski, Janusz"]
[Black "Juergens Peicheva, Vera"]
[Result "1-0"]
[WhiteElo "2370"]
[BlackElo "2185"]
[PlyCount "61"]
[EventDate "1990.03.28"]
[EventType "swiss"]
[EventRounds "9"]
[EventCountry "ENG"]
[SourceTitle "BritBase"]
[Source "John Saunders"]
[SourceDate "2023.06.27"]
[SourceVersion "1"]
[SourceVersionDate "2023.06.27"]
[SourceQuality "1"]

1. d4 Nf6 2. Nf3 e6 3. c4 c5 4. Nc3 cxd4 5. Nxd4 Qb6 6. g3 Nc6 7. Nb3 Ne5 8. e4
Bb4 9. Qe2 Qc6 10. Bd2 d6 11. f4 Ned7 12. Bg2 e5 13. Nb5 Bc5 14. Na5 Qb6 15. b4
Bd4 16. c5 dxc5 17. Nc4 Qc6 18. Nxd4 exd4 19. e5 d3 20. Bxc6 dxe2 21. Bf3 Ng8
22. b5 Ne7 23. Nd6+ Kf8 24. Kxe2 Rb8 25. Be3 Ng6 26. Nxc8 Rxc8 27. Bxb7 Rc7 28.
Bc6 Ke7 29. Rhd1 Rd8 30. Rac1 Ndf8 31. Bxc5+ 1-0

[Event "Oakham Young Masters"]
[Site "Oakham"]
[Date "1990.03.31"]
[Round "4"]
[White "Ward, Christopher G"]
[Black "Stratil, Ladislav Jr"]
[Result "1/2-1/2"]
[WhiteElo "2390"]
[BlackElo "2380"]
[PlyCount "42"]
[EventDate "1990.03.28"]
[EventType "swiss"]
[EventRounds "9"]
[EventCountry "ENG"]
[SourceTitle "BritBase"]
[Source "John Saunders"]
[SourceDate "2023.06.27"]
[SourceVersion "1"]
[SourceVersionDate "2023.06.27"]
[SourceQuality "1"]

1. c4 Nf6 2. Nc3 g6 3. e4 d6 4. d4 Bg7 5. f3 O-O 6. Be3 e5 7. d5 c6 8. Qd2 cxd5
9. cxd5 Nbd7 10. g4 a6 11. O-O-O b5 12. Kb1 Nc5 13. g5 Nh5 14. Nce2 Bd7 15. Ng3
Nf4 16. h4 f5 17. exf5 Rxf5 18. Ne4 Qf8 19. Ne2 Rf7 20. N2g3 Rc8 21. Rc1 Nxe4
1/2-1/2

[Event "Oakham Young Masters"]
[Site "Oakham"]
[Date "1990.03.31"]
[Round "4"]
[White "Webster, Andrew A"]
[Black "Luther, Thomas"]
[Result "1/2-1/2"]
[WhiteElo "2275"]
[BlackElo "2405"]
[PlyCount "43"]
[EventDate "1990.03.28"]
[EventType "swiss"]
[EventRounds "9"]
[EventCountry "ENG"]
[SourceTitle "BritBase"]
[Source "John Saunders"]
[SourceDate "2023.06.27"]
[SourceVersion "1"]
[SourceVersionDate "2023.06.27"]
[SourceQuality "1"]

1. c4 e6 2. Nf3 Nf6 3. g3 d5 4. b3 b6 5. Bg2 Bb7 6. O-O Be7 7. Bb2 O-O 8. Nc3
Nbd7 9. Rc1 c5 10. e3 Ne4 11. cxd5 Nxc3 12. Bxc3 Bxd5 13. Qc2 Rc8 14. Rfd1 Rc7
15. Qb2 Bf6 16. Bxf6 Qxf6 17. Qxf6 Nxf6 18. Ne5 Rfc8 19. d3 Kf8 20. Bxd5 Nxd5
21. Kf1 Ke7 22. Ke2 1/2-1/2

[Event "Oakham Young Masters"]
[Site "Oakham"]
[Date "1990.04.01"]
[Round "5"]
[White "Badea, Bela"]
[Black "Siekanski, Janusz"]
[Result "1/2-1/2"]
[WhiteElo "2495"]
[BlackElo "2370"]
[PlyCount "65"]
[EventDate "1990.03.28"]
[EventType "swiss"]
[EventRounds "9"]
[EventCountry "ENG"]
[SourceTitle "BritBase"]
[Source "John Saunders"]
[SourceDate "2023.06.27"]
[SourceVersion "1"]
[SourceVersionDate "2023.06.27"]
[SourceQuality "1"]

1. c4 c5 2. Nc3 Nf6 3. Nf3 b6 4. g3 Bb7 5. Bg2 e6 6. d4 cxd4 7. Qxd4 Be7 8. O-O
d6 9. b3 a6 10. Ba3 O-O 11. Rfd1 Ne8 12. Ne4 Ra7 13. Rac1 Bxe4 14. Qxe4 Rd7 15.
Nd4 Nf6 16. Qc2 Qc7 17. Qd3 Rc8 18. Bh3 Rdd8 19. Nxe6 fxe6 20. Bxe6+ Kh8 21.
Bxc8 Qxc8 22. Qe3 Qc7 23. Qe6 Bf8 24. Rc2 Re8 25. Qf5 Nbd7 26. Bb2 Qc5 27. Qxc5
bxc5 28. Bc3 Kg8 29. b4 Kf7 30. f3 Rc8 31. e4 cxb4 32. Bxb4 Ne5 33. Kf2 1/2-1/2

[Event "Oakham Young Masters"]
[Site "Oakham"]
[Date "1990.04.01"]
[Round "5"]
[White "Blatny, Pavel"]
[Black "Matveeva, Svetlana"]
[Result "1-0"]
[WhiteElo "2510"]
[BlackElo "2360"]
[PlyCount "99"]
[EventDate "1990.03.28"]
[EventType "swiss"]
[EventRounds "9"]
[EventCountry "ENG"]
[SourceTitle "BritBase"]
[Source "John Saunders"]
[SourceDate "2023.06.27"]
[SourceVersion "1"]
[SourceVersionDate "2023.06.27"]
[SourceQuality "1"]

1. e4 e6 2. d4 d5 3. e5 c5 4. c3 Qb6 5. Nf3 Bd7 6. Na3 cxd4 7. cxd4 Bb4+ 8. Bd2
Ne7 9. Bxb4 Qxb4+ 10. Qd2 Qxd2+ 11. Kxd2 a6 12. Bd3 Nbc6 13. Rhc1 Nc8 14. Rab1
Nb4 15. Nc2 Nxd3 16. Kxd3 Na7 17. Nce1 Rc8 18. Rxc8+ Nxc8 19. Rc1 Ne7 20. Kd2
Bb5 21. b3 Kd7 22. h3 h6 23. a4 Bc6 24. Nd3 a5 25. Ng1 b6 26. Ne2 Bb7 27. b4
axb4 28. Nxb4 Ra8 29. Nc3 Nc6 30. Nxc6 Bxc6 31. Rb1 Kc7 32. Rb4 Kb7 33. f4 Ka6
34. Kc2 Ka5 35. Kb3 h5 36. h4 Rc8 37. f5 Bd7 38. Ne2 exf5 39. Nf4 Rc1 40. Nxd5
Bc6 41. Nc3 Bxg2 42. Rc4 b5 43. axb5 g5 44. d5 f4 45. hxg5 Re1 46. e6 Bxd5 47.
Nxd5 fxe6 48. Nc3 Kb6 49. Rxf4 Rg1 50. Re4 1-0

[Event "Oakham Young Masters"]
[Site "Oakham"]
[Date "1990.04.01"]
[Round "5"]
[White "Hracek, Zbynek"]
[Black "Summerscale, Aaron P"]
[Result "1-0"]
[WhiteElo "2390"]
[BlackElo "2295"]
[PlyCount "93"]
[EventDate "1990.03.28"]
[EventType "swiss"]
[EventRounds "9"]
[EventCountry "ENG"]
[SourceTitle "BritBase"]
[Source "John Saunders"]
[SourceDate "2023.06.27"]
[SourceVersion "1"]
[SourceVersionDate "2023.06.27"]
[SourceQuality "1"]

1. d4 d5 2. c4 c6 3. Nc3 Nf6 4. e3 g6 5. Nf3 Bg7 6. Be2 O-O 7. O-O Be6 8. cxd5
cxd5 9. Qb3 Qb6 10. Bd2 Nc6 11. Rfc1 Rfc8 12. Na4 Qxb3 13. axb3 Ne4 14. Be1 Bd7
15. b4 Be8 16. b5 Nd8 17. Rxc8 Rxc8 18. Nc3 Nxc3 19. Bxc3 Ra8 20. Bb4 Bf8 21.
Bc5 Ne6 22. Bxa7 Nd8 23. Ra3 Rc8 24. Rc3 Ra8 25. b6 e6 26. Ne5 Bd6 27. Nd3 Bb5
28. Kf1 Bxd3 29. Bxd3 Kf8 30. e4 dxe4 31. Bxe4 Ke7 32. Bd3 h5 33. Bb5 Kf8 34.
Rc7 Kg7 35. g3 h4 36. Kg2 Kf6 37. Rd7 Bb4 38. Be2 Nc6 39. Bf3 h3+ 40. Kf1 Rc8
41. Bxc6 Rxc6 42. Rxb7 Rc1+ 43. Ke2 e5 44. dxe5+ Kxe5 45. Rxf7 Bc5 46. Rc7 Kd6
47. Rxc5 1-0

[Event "Oakham Young Masters"]
[Site "Oakham"]
[Date "1990.04.01"]
[Round "5"]
[White "Kogan, Artur"]
[Black "Harris, Michael"]
[Result "1-0"]
[WhiteElo "2335"]
[BlackElo "2255"]
[PlyCount "105"]
[EventDate "1990.03.28"]
[EventType "swiss"]
[EventRounds "9"]
[EventCountry "ENG"]
[SourceTitle "BritBase"]
[Source "John Saunders"]
[SourceDate "2023.06.27"]
[SourceVersion "1"]
[SourceVersionDate "2023.06.27"]
[SourceQuality "1"]

1. e4 e6 2. d4 d5 3. Nd2 Nf6 4. e5 Nfd7 5. f4 c5 6. c3 Nc6 7. Ndf3 Qb6 8. h4 f6
9. Bd3 Be7 10. Ne2 Nf8 11. b3 Bd7 12. Be3 cxd4 13. cxd4 O-O-O 14. Kf2 Kb8 15.
a3 Rc8 16. b4 Nd8 17. Qd2 Nf7 18. g4 Nh6 19. Rhg1 Bb5 20. f5 Bxd3 21. Qxd3 Nf7
22. Nf4 Rd8 23. g5 Rd7 24. a4 Nd8 25. b5 a5 26. bxa6 Qxa6 27. Qxa6 bxa6 28.
Rab1+ Ka7 29. gxf6 gxf6 30. Nh5 exf5 31. exf6 Bd6 32. Rg7 Nf7 33. Ng5 Nh6 34.
Ne6 Nf7 35. Ng5 Nh6 36. Kf3 Rc7 37. Rc1 Kb6 38. a5+ Kxa5 39. Rcxc7 Bxc7 40.
Rxc7 Kb6 41. Rg7 Ng6 42. Rxh7 Nxh4+ 43. Ke2 Rxh7 44. Nxh7 f4 45. Bxf4 N4f5 46.
Bxh6 Nxh6 47. Ng5 Kb5 48. Kd3 Kb4 49. Nf4 a5 50. Nxd5+ Kb3 51. f7 Nxf7 52. Nxf7
a4 53. Nc3 1-0

[Event "Oakham Young Masters"]
[Site "Oakham"]
[Date "1990.04.01"]
[Round "5"]
[White "Kosic, Dragan"]
[Black "Kumaran, Dharshan"]
[Result "1-0"]
[WhiteElo "2415"]
[BlackElo "2230"]
[PlyCount "59"]
[EventDate "1990.03.28"]
[EventType "swiss"]
[EventRounds "9"]
[EventCountry "ENG"]
[SourceTitle "BritBase"]
[Source "John Saunders"]
[SourceDate "2023.06.27"]
[SourceVersion "1"]
[SourceVersionDate "2023.06.27"]
[SourceQuality "1"]

1. e4 c6 2. d3 d5 3. Nd2 e5 4. Ngf3 Bd6 5. g3 Nf6 6. Bg2 O-O 7. O-O Nbd7 8.
exd5 cxd5 9. c4 dxc4 10. Nxc4 Bc7 11. Re1 Re8 12. b3 e4 13. dxe4 Nxe4 14. Bb2
Ndf6 15. Qc2 Bg4 16. Nd4 Nc5 17. Rxe8+ Qxe8 18. Ne3 Bb6 19. h3 Bh5 20. Ndf5 Bg6
21. Bxf6 gxf6 22. b4 Ne6 23. Qc3 Bxf5 24. Nxf5 Qd8 25. Re1 Rb8 26. Qc4 Kh8 27.
Qh4 Bd4 28. Rd1 Bxf2+ 29. Kxf2 Qb6+ 30. Ne3 1-0

[Event "Oakham Young Masters"]
[Site "Oakham"]
[Date "1990.04.01"]
[Round "5"]
[White "Manor, Ilan"]
[Black "Tiviakov, Sergei"]
[Result "1/2-1/2"]
[WhiteElo "2450"]
[BlackElo "2490"]
[PlyCount "34"]
[EventDate "1990.03.28"]
[EventType "swiss"]
[EventRounds "9"]
[EventCountry "ENG"]
[SourceTitle "BritBase"]
[Source "John Saunders"]
[SourceDate "2023.06.27"]
[SourceVersion "1"]
[SourceVersionDate "2023.06.27"]
[SourceQuality "1"]

1. d4 Nf6 2. c4 e6 3. g3 d5 4. Bg2 Bb4+ 5. Bd2 Be7 6. Nf3 O-O 7. O-O c6 8. Nc3
b6 9. Ne5 Nfd7 10. Nxd7 Qxd7 11. cxd5 cxd5 12. e3 Nc6 13. Qa4 Bb7 14. Rfc1 a6
15. Qd1 b5 16. Be1 Rfc8 17. Ne2 Nd8 1/2-1/2

[Event "Oakham Young Masters"]
[Site "Oakham"]
[Date "1990.04.01"]
[Round "5"]
[White "Norwood, David Robert"]
[Black "Galliamova, Alisa"]
[Result "1-0"]
[WhiteElo "2530"]
[BlackElo "2365"]
[PlyCount "64"]
[EventDate "1990.03.28"]
[EventType "swiss"]
[EventRounds "9"]
[EventCountry "ENG"]
[SourceTitle "BritBase"]
[Source "John Saunders"]
[SourceDate "2023.06.27"]
[SourceVersion "1"]
[SourceVersionDate "2023.06.27"]
[SourceQuality "1"]

1. g3 Nf6 2. Bg2 d5 3. Nf3 e6 4. c4 Be7 5. O-O O-O 6. d4 b6 7. cxd5 Nxd5 8. e4
Nf6 9. Nc3 Bb7 10. Qc2 Nc6 11. Rd1 Qe8 12. a3 Rd8 13. e5 Nd5 14. Nxd5 exd5 15.
Ng5 Bxg5 16. Bxg5 Ra8 17. b4 Qd7 18. Rac1 Rac8 19. Bf1 h6 20. Bxh6 Nxe5 21.
Bxg7 Kxg7 22. dxe5 d4 23. Qd2 Qd5 24. Qg5+ Kh8 25. f3 Qxf3 26. Rxd4 Qh1+ 27.
Kf2 Qxh2+ 28. Ke1 Rfe8 29. Rh4+ Qxh4 30. Qxh4+ Kg8 31. Qg5+ Kf8 32. Bc4 Rcd8
1-0

[Event "Oakham Young Masters"]
[Site "Oakham"]
[Date "1990.04.01"]
[Round "5"]
[White "Piper, Matthew S"]
[Black "Chabanon, Jean Luc"]
[Result "1/2-1/2"]
[WhiteElo "2305"]
[BlackElo "2390"]
[PlyCount "82"]
[EventDate "1990.03.28"]
[EventType "swiss"]
[EventRounds "9"]
[EventCountry "ENG"]
[SourceTitle "BritBase"]
[Source "John Saunders"]
[SourceDate "2023.06.27"]
[SourceVersion "1"]
[SourceVersionDate "2023.06.27"]
[SourceQuality "1"]

1. e4 Nf6 2. Nc3 d6 3. d4 g6 4. Bg5 c6 5. Qd2 Bg7 6. O-O-O b5 7. Bd3 O-O 8. f4
Qb6 9. Nf3 Bg4 10. e5 b4 11. Ne2 Nd5 12. Bc4 f6 13. Bh4 Nd7 14. h3 Bxf3 15.
gxf3 e6 16. exf6 N7xf6 17. Ng3 a5 18. Bg5 h6 19. Bxf6 Rxf6 20. Bxd5 cxd5 21. f5
exf5 22. Rhe1 Rf7 23. Re6 Kh7 24. Ne2 Rf6 25. Qe3 Qc6 26. Nf4 Rc8 27. Rd2 Rxe6
28. Qxe6 Qe8 29. Re2 Qxe6 30. Rxe6 Bxd4 31. Nxd5 Bg7 32. Rxd6 Re8 33. Rd7 Re6
34. Ra7 g5 35. Rxa5 h5 36. Nxb4 Kg6 37. Nd3 Re3 38. f4 g4 39. hxg4 fxg4 40. Kd2
Re8 41. a4 Bh6 1/2-1/2

[Event "Oakham Young Masters"]
[Site "Oakham"]
[Date "1990.04.01"]
[Round "5"]
[White "Quillan, Gary"]
[Black "Ruxton, Keith"]
[Result "0-1"]
[WhiteElo "2290"]
[BlackElo "2325"]
[PlyCount "74"]
[EventDate "1990.03.28"]
[EventType "swiss"]
[EventRounds "9"]
[EventCountry "ENG"]
[SourceTitle "BritBase"]
[Source "John Saunders"]
[SourceDate "2023.06.27"]
[SourceVersion "1"]
[SourceVersionDate "2023.06.27"]
[SourceQuality "1"]

1. e4 e6 2. d4 d5 3. e5 c5 4. dxc5 Bxc5 5. Bd3 Nc6 6. Nf3 Nge7 7. Bf4 Ng6 8.
Bg3 Qc7 9. O-O Bd7 10. Nc3 Nce7 11. h4 f5 12. Qe2 a6 13. h5 Nf8 14. a3 h6 15.
Qd2 Nh7 16. b4 Bb6 17. Ne2 O-O 18. Rac1 Bb5 19. Ned4 Qd7 20. Nxb5 axb5 21. Qe2
Qe8 22. Bxb5 Qxh5 23. c4 f4 24. c5 fxg3 25. fxg3 Bc7 26. Bd7 Ng5 27. Rce1 Nxf3+
28. Rxf3 Qg6 29. Ref1 Rxf3 30. Rxf3 Nc6 31. Bxc6 bxc6 32. b5 cxb5 33. Qxb5 Bxe5
34. c6 Rb8 35. Qc5 Rb1+ 36. Rf1 Rxf1+ 37. Kxf1 Qd3+ 0-1

[Event "Oakham Young Masters"]
[Site "Oakham"]
[Date "1990.04.01"]
[Round "5"]
[White "Schlosser, Michael"]
[Black "Ward, Christopher G"]
[Result "0-1"]
[WhiteElo "2340"]
[BlackElo "2390"]
[PlyCount "84"]
[EventDate "1990.03.28"]
[EventType "swiss"]
[EventRounds "9"]
[EventCountry "ENG"]
[SourceTitle "BritBase"]
[Source "John Saunders"]
[SourceDate "2023.06.27"]
[SourceVersion "1"]
[SourceVersionDate "2023.06.27"]
[SourceQuality "1"]

1. e4 c5 2. Nf3 d6 3. d4 cxd4 4. Nxd4 Nf6 5. Nc3 g6 6. Be3 Bg7 7. f3 O-O 8. Qd2
Nc6 9. Bc4 Bd7 10. h4 Ne5 11. Bb3 Qa5 12. O-O-O Rfc8 13. Kb1 b5 14. Ncxb5 Qxd2
15. Rxd2 Rab8 16. Nc3 a5 17. a4 Nc4 18. Bxc4 Rxc4 19. Rd3 Rcb4 20. Ndb5 Bxb5
21. axb5 Nd7 22. b3 Ne5 23. Rd4 Ng4 24. Rd3 Nxe3 25. Rxe3 Kf8 26. Rd1 Rc8 27.
Na4 Rxb5 28. Rd5 Rcb8 29. Red3 Be5 30. Rxb5 Rxb5 31. Rd5 Rxd5 32. exd5 Bg3 33.
h5 gxh5 34. c4 Kg7 35. Kc2 Kf6 36. Kd3 Be1 37. Nb6 Bb4 38. Nd7+ Kg5 39. Ke4 Bd2
40. c5 dxc5 41. Nxc5 Kh4 42. Kf5 Kg3 0-1

[Event "Oakham Young Masters"]
[Site "Oakham"]
[Date "1990.04.01"]
[Round "5"]
[White "Stratil, Ladislav Jr"]
[Black "Stangl, Markus"]
[Result "0-1"]
[WhiteElo "2380"]
[BlackElo "2405"]
[PlyCount "150"]
[EventDate "1990.03.28"]
[EventType "swiss"]
[EventRounds "9"]
[EventCountry "ENG"]
[SourceTitle "BritBase"]
[Source "John Saunders"]
[SourceDate "2023.06.27"]
[SourceVersion "1"]
[SourceVersionDate "2023.06.27"]
[SourceQuality "1"]

1. Nf3 c5 2. g3 g6 3. Bg2 Bg7 4. O-O Nc6 5. d3 e6 6. e4 Nge7 7. Nbd2 O-O 8. Re1
d6 9. h4 Rb8 10. Nf1 h6 11. N1h2 f5 12. c3 e5 13. a3 Be6 14. b4 b5 15. Be3 f4
16. Bd2 Qb6 17. gxf4 exf4 18. Rb1 Rf7 19. Qe2 Qc7 20. Red1 c4 21. Be1 d5 22.
exd5 Bxd5 23. Bh3 Nf5 24. dxc4 Bxc4 25. Qc2 Rbf8 26. a4 a6 27. axb5 axb5 28.
Bf1 Qe7 29. Bxc4 bxc4 30. b5 Ne5 31. h5 gxh5 32. b6 Qb7 33. Qe2 Nd3 34. Qe6 Rc8
35. Rb5 Rc6 36. Qd5 Rg6+ 37. Kf1 Qxd5 38. Rxd5 Rxb6 39. Bd2 Rb3 40. Rd8+ Rf8
41. Rxf8+ Kxf8 42. Ne1 Bxc3 43. Bxc3 Rxc3 44. Nxd3 Rxd3 45. Rxd3 cxd3 46. Ke1
Nd6 47. Kd2 Ne4+ 48. Kxd3 Nxf2+ 49. Ke2 Ng4 50. Nf3 Kf7 51. Kd3 Nf2+ 52. Ke2
Nh3 53. Kd3 Ng5 54. Nh4 Kf6 55. Kd4 Ke6 56. Kd3 Ke5 57. Ke2 Ke4 58. Kf2 Nf7 59.
Kg2 Ne5 60. Kf2 Ng4+ 61. Kg2 Ne3+ 62. Kf2 Nf5 63. Nf3 h4 64. Nd2+ Kd3 65. Nb3
h3 66. Nc5+ Kd4 67. Ne6+ Ke5 68. Nc5 Ne3 69. Kf3 h2 70. Nd3+ Kf5 71. Nf2 Ng4
72. Nh1 h5 73. Kg2 Ke4 74. Ng3+ fxg3 75. Kxg3 h1=R 0-1